[Event "AUT-ch U18"]
[Site "St Veit"]
[Date "2023.04.03"]
[Round "3"]
[White "Leitner, Thomas"]
[Black "Tumanyan, Gor"]
[Result "1-0"]
[WhiteElo "1764"]
[BlackElo "1977"]
[PlyCount "82"]
[EventDate "2023.04.02"]
[EventType "swiss"]
[EventRounds "7"]
[EventCountry "AUT"]
[SourceTitle "EXT 2024"]
[Source "ChessBase"]
[SourceDate "2023.10.10"]
[SourceVersion "1"]
[SourceVersionDate "2023.10.10"]
[SourceQuality "1"]

1. d4 d5 2. c4 c6 3. cxd5 cxd5 4. Nc3 Nc6 5. Bf4 Nf6 6. e3 e6 7. Nf3 Be7 8. Be2 0-0 9. 0-0 Nh5 10. Bg3 Bd7 11. Bh4 Bxh4 12. Nxh4 Nf4 13. Nf3 Nxe2+ 14. Qxe2 Rc8 15. Rac1 Ne7 16. Ne5 Bc6 17. Rc2 Qa5 18. Rfc1 Rc7 19. g3 Rfc8 20. Nxc6 Rxc6 21. a3 g6 22. Na2 Qa4 23. Rc3 Kf8 24. Qd2 Rxc3 25. Rxc3 Rxc3 26. Qxc3 Qc4 27. Qxc4 dxc4 28. Kf1 Ke8 29. Nc3 Kd7 30. Ke2 f5 31. Kd2 Kc6 32. Ne2 g5 33. Ng1 h6 34. Nf3 Kd5 35. Ne5 g4 36. f3 gxf3 37. Nxf3 Ke4 38. Ke2 b5 39. Ne5 Nd5 40. Nc6 Nxe3 41. Nxa7 Kxd4 1-0

[Event "AUT-ch"]
[Site "Vienna"]
[Date "2022.08.13"]
[Round "2"]
[White "Jethan, Martin"]
[Black "Tumanyan, Gor"]
[Result "1/2-1/2"]
[WhiteElo "2103"]
[BlackElo "2008"]
[PlyCount "45"]
[EventDate "2022.08.12"]
[EventType "swiss"]
[EventRounds "9"]
[EventCountry "AUT"]
[SourceTitle "CBM 209 Extra"]
[Source "ChessBase"]
[SourceDate "2022.09.30"]
[SourceVersion "1"]
[SourceVersionDate "2022.09.30"]
[SourceQuality "1"]

1. d4 Nf6 2. Bg5 c5 3. Bxf6 gxf6 4. d5 Qb6 5. Qc1 f5 6. c4 Bg7 7. Nc3 d6 8. e3 Nd7 9. Qc2 Qa5 10. Nge2 b5 11. cxb5 a6 12. bxa6 Bxa6 13. Ng3 Rb8 14. Nxf5 Bf6 15. Rc1 Ne5 16. Be2 Bxe2 17. Kxe2 Qa6+ 18. Kd1 Nd3 19. Rb1 Nxf2+ 20. Qxf2 Bxc3 21. Qc2 Qxa2 22. Ke2 Bf6 23. Rhd1 1/2-1/2

[Event "AUT-ch U16 Online Rapid"]
[Site "Playchess.com INT"]
[Date "2020.12.13"]
[Round "2"]
[White "Tumanyan, Gor"]
[Black "Kristoferitsch, Daniel"]
[Result "0-1"]
[WhiteElo "1634"]
[BlackElo "1947"]
[PlyCount "126"]
[EventDate "2020.12.13"]
[EventType "swiss (rapid)"]
[EventRounds "7"]
[EventCountry "AUT"]
[SourceTitle "EXT 2022"]
[Source "ChessBase"]
[SourceDate "2021.10.06"]
[SourceVersion "1"]
[SourceVersionDate "2021.10.06"]
[SourceQuality "1"]

1. e4 c5 2. Nf3 e6 3. c3 d5 4. exd5 Qxd5 5. d4 Nf6 6. Na3 a6 7. Nc4 Qd8 8. g3 Nc6 9. Be3 Nd5 10. Bg2 Be7 11. 0-0 0-0 12. Nfe5 Qc7 13. Qd3 cxd4 14. Nxc6 dxe3 15. Nxe7+ Nxe7 16. Nxe3 Rd8 17. Qc4 Qb8 18. Rfd1 Bd7 19. Qb4 Nc6 20. Bxc6 Bxc6 21. Rxd8+ Qxd8 22. Rd1 Qf8 23. Qxf8+ Kxf8 24. Nc4 Ke7 25. Nb6 Rd8 26. Rxd8 Kxd8 27. Nc4 Bd5 28. Ne5 f6 29. Nd3 Bxa2 30. f4 Bc4 31. Nf2 Ke7 32. Nd1 Kd6 33. Kf2 Kc5 34. Ke3 Bb3 35. Nf2 Bc2 36. h4 Kc4 37. Kd2 Kb3 38. Kc1 h5 39. Nh1 a5 40. Nf2 b5 41. g4 g6 42. gxh5 gxh5 43. Nh3 a4 44. Ng1 Be4 45. Ne2 e5 46. Ng3 Bf3 47. fxe5 fxe5 48. Nf5 Bg4 49. Nd6 Bd7 50. Nf7 e4 51. Ne5 e3 52. Nxd7 e2 53. Kd2 Kxb2 54. Nc5 e1Q+ 55. Kxe1 a3 56. Nd3+ Kxc3 57. Nc1 Kc2 58. Na2 Kb1 59. Nc3+ Kb2 60. Nd1+ Kc2 61. Ne3+ Kb3 62. Nd5 a2 63. Kd2 a1Q 0-1

[Event "AUT-ch U16 Online Rapid"]
[Site "Playchess.com INT"]
[Date "2020.12.13"]
[Round "3"]
[White "Weichhart, Daniel"]
[Black "Tumanyan, Gor"]
[Result "1-0"]
[WhiteElo "1801"]
[BlackElo "1634"]
[PlyCount "67"]
[EventDate "2020.12.13"]
[EventType "swiss (rapid)"]
[EventRounds "7"]
[EventCountry "AUT"]
[SourceTitle "EXT 2022"]
[Source "ChessBase"]
[SourceDate "2021.10.06"]
[SourceVersion "1"]
[SourceVersionDate "2021.10.06"]
[SourceQuality "1"]

1. c4 g6 2. g3 Bg7 3. Bg2 c5 4. Nf3 Nc6 5. Nc3 d6 6. 0-0 e6 7. e3 Nge7 8. Re1 b6 9. d4 Bb7 10. Rb1 0-0 11. a3 Qd7 12. b4 Rab8 13. Qd3 cxd4 14. exd4 Nf5 15. Be3 Nce7 16. Rbd1 Rfd8 17. Bf4 Bxf3 18. Bxf3 Nxd4 19. Nb5 Nxb5 20. cxb5 e5 21. Bxe5 Bxe5 22. Rxe5 Qc7 23. Re2 Rbc8 24. Ree1 Kf8 25. Qd2 Qc3 26. Qh6+ Ke8 27. Bc6+ Rxc6 28. bxc6 Qxc6 29. Qg5 Rd7 30. Qf6 Kd8 31. Qxf7 Nc8 32. Qf6+ Ne7 33. Rc1 Qd5 34. Qf8# 1-0

[Event "AUT-ch U14"]
[Site "St Veit"]
[Date "2019.06.08"]
[Round "1.2"]
[White "Kristoferitsch, Daniel"]
[Black "Tumanyan, Gor"]
[Result "1-0"]
[WhiteElo "2025"]
[BlackElo "1659"]
[PlyCount "57"]
[EventDate "2019.06.08"]
[EventType "swiss"]
[EventRounds "7"]
[EventCountry "AUT"]
[SourceTitle "EXT 2024"]
[Source "ChessBase"]
[SourceDate "2023.10.10"]
[SourceVersion "1"]
[SourceVersionDate "2023.10.10"]
[SourceQuality "1"]

1. d4 d5 2. c4 c6 3. Nf3 e6 4. Nc3 Nf6 5. Bg5 Be7 6. e3 Nbd7 7. Bd3 h6 8. Bh4 b6 9. Rc1 Bb7 10. 0-0 g5 11. Bg3 c5 12. cxd5 Nxd5 13. e4 Nxc3 14. bxc3 c4 15. Bb1 Ba3 16. Rc2 Bxe4 17. Re2 Bxf3 18. gxf3 Qf6 19. Qa4 Qe7 20. Qxc4 h5 21. d5 e5 22. Qc6 0-0 23. Qh6 f6 24. Qxh5 Nc5 25. Bxe5 Rf7 26. Qg6+ Kf8 27. d6 Qe8 28. Qh6+ Kg8 29. Bxf6 1-0

[Event "Innsbruck op-B 2nd"]
[Site "Innsbruck"]
[Date "2018.08.27"]
[Round "4"]
[White "Vonach, Bernhard"]
[Black "Tumanyan, Gor"]
[Result "1-0"]
[WhiteElo "1921"]
[BlackElo "1625"]
[PlyCount "123"]
[EventDate "2018.08.24"]
[EventType "swiss"]
[EventRounds "9"]
[EventCountry "AUT"]
[SourceTitle "CBM 186 Extra"]
[Source "ChessBase"]
[SourceDate "2018.08.24"]
[SourceVersion "1"]
[SourceVersionDate "2018.08.24"]
[SourceQuality "1"]

1. Nf3 d5 2. e3 c5 3. b3 e6 4. Bb2 Nf6 5. c4 Bd6 6. g3 dxc4 7. bxc4 b6 8. Bg2 Bb7 9. 0-0 Nbd7 10. Nc3 a6 11. Qc2 0-0 12. a4 Ne5 13. Nxe5 Bxg2 14. Nxf7 Rxf7 15. Kxg2 Qc7 16. Ne4 Nxe4 17. Qxe4 Qb7 18. Qxb7 Rxb7 19. Bc3 Bc7 20. Rfb1 Rab8 21. Ra2 Kf7 22. Rab2 g6 23. d4 Bd6 24. a5 b5 25. cxb5 Rxb5 26. Rxb5 axb5 27. dxc5 Bxc5 28. Be5 Rb7 29. a6 Rb6 30. a7 Ra6 31. Rxb5 Bxa7 32. Rb7+ Ke8 33. Rxh7 Ra5 34. Bf4 g5 35. Bxg5 Rxg5 36. Rxa7 Rb5 37. h4 Kf8 38. g4 Kg8 39. Kg3 Rb4 40. f3 e5 41. Ra5 e4 42. fxe4 Rxe4 43. Kf3 Rb4 44. Ra7 Rb1 45. Kf4 Rf1+ 46. Kg5 Rf3 47. e4 Re3 48. Kg6 Kf8 49. Rf7+ Kg8 50. Rf4 Ra3 51. e5 Ra6+ 52. Kg5 Re6 53. Kf5 Ra6 54. e6 Kg7 55. Re4 Ra8 56. e7 Re8 57. h5 Kh8 58. Kg6 Kg8 59. Kf6 Kh7 60. Kf7 Rh8 61. e8Q Rf8+ 62. Kxf8 1-0

[Event "AUT-ch U14"]
[Site "St Kanzian"]
[Date "2018.05.22"]
[Round "7.10"]
[White "Pribozic, Manuel"]
[Black "Tumanyan, Gor"]
[Result "0-1"]
[WhiteElo "1368"]
[BlackElo "1635"]
[PlyCount "54"]
[EventDate "2018.05.19"]
[EventType "swiss"]
[EventRounds "7"]
[EventCountry "AUT"]
[SourceTitle "EXT 2024"]
[Source "ChessBase"]
[SourceDate "2023.10.10"]
[SourceVersion "1"]
[SourceVersionDate "2023.10.10"]
[SourceQuality "1"]

1. e4 e6 2. d4 d5 3. Nd2 Nf6 4. e5 Nfd7 5. c3 c5 6. Bd3 Nc6 7. Ne2 Be7 8. 0-0 0-0 9. Nf3 a6 10. Be3 c4 11. Bc2 b5 12. a3 Nb6 13. Rb1 Bd7 14. Qd2 f5 15. Bg5 a5 16. Bxe7 Qxe7 17. Qg5 Qxg5 18. Nxg5 h6 19. Nf3 b4 20. axb4 axb4 21. Ra1 b3 22. Rxa8 Rxa8 23. Bb1 Na4 24. Rc1 Nxb2 25. Nd2 Na4 26. Kf1 Na7 27. Ke1 Nb5 0-1

[Event "AUT-ch U14"]
[Site "St Kanzian"]
[Date "2018.05.20"]
[Round "3.9"]
[White "Tumanyan, Gor"]
[Black "Todic, David"]
[Result "0-1"]
[WhiteElo "1635"]
[BlackElo "1157"]
[PlyCount "38"]
[EventDate "2018.05.19"]
[EventType "swiss"]
[EventRounds "7"]
[EventCountry "AUT"]
[SourceTitle "EXT 2024"]
[Source "ChessBase"]
[SourceDate "2023.10.10"]
[SourceVersion "1"]
[SourceVersionDate "2023.10.10"]
[SourceQuality "1"]

1. e4 e5 2. Nf3 Nc6 3. Bc4 Nf6 4. d3 Be7 5. 0-0 0-0 6. c3 d5 7. exd5 Nxd5 8. Bxd5 Qxd5 9. c4 Qd6 10. b3 Bf6 11. Bg5 e4 12. Bxf6 Qxf6 13. Nbd2 exf3 14. Nxf3 Re8 15. d4 Bg4 16. Kh1 Bxf3 17. gxf3 Nxd4 18. f4 Qxf4 19. f3 Re2 0-1